|
|
|
|
| LEADER |
00000nam0a2200000 4500 |
| 001 |
361364 |
| 005 |
20231102011400.0 |
| 035 |
|
|
|a (RuTPU)RU\TPU\retro\18690
|
| 090 |
|
|
|a 361364
|
| 100 |
|
|
|a 20210603d1980 km y0rusy50 ca
|
| 101 |
0 |
|
|a rus
|
| 102 |
|
|
|a RU
|
| 105 |
|
|
|a a z 001zy
|
| 200 |
1 |
|
|a Повышение устойчивости выработок россыпных шахт Севера
|f В. А. Шерстов, В. Н. Скуба
|g Академия наук СССР, Сибирское отделение, Институт физико-технических проблем Севера ; отв. ред. К. И. Лубий
|
| 210 |
|
|
|a Москва
|c Изд-во СО АН СССР
|d 1980
|
| 215 |
|
|
|a 57 с.
|c ил.
|
| 320 |
|
|
|a Библиогр.: с. 54-55
|
| 606 |
1 |
|
|a Горные породы
|x Устойчивость
|2 stltpush
|3 (RuTPU)RU\TPU\subj\7976
|9 35479
|
| 606 |
1 |
|
|a Россыпные месторождения
|x Системы разработки в условиях вечной мерзлты
|2 stltpush
|3 (RuTPU)RU\TPU\subj\25389
|9 49562
|
| 610 |
1 |
|
|a горные выработки
|
| 610 |
1 |
|
|a подземные выработки
|
| 610 |
1 |
|
|a безопасность
|
| 610 |
1 |
|
|a поддержание
|
| 610 |
1 |
|
|a крепление
|
| 610 |
1 |
|
|a протаивающие горные породы
|
| 610 |
1 |
|
|a теплоизоляция
|
| 610 |
1 |
|
|a пленочная изоляция
|
| 675 |
|
|
|a 622.281
|v 4
|
| 675 |
|
|
|a 622.271.7
|v 4
|
| 700 |
|
1 |
|a Шерстов
|b В. А.
|g Валерий Андреевич
|
| 701 |
|
1 |
|a Скуба
|b В. Н.
|g Валентин Николаевич
|
| 702 |
|
1 |
|a Лубий
|b К. И.
|4 340
|
| 712 |
0 |
2 |
|a Академия наук СССР
|b Сибирское отделение
|b Институт физико-технических проблем Севера
|c (Якутск)
|2 stltpush
|3 (RuTPU)RU\TPU\col\13084
|9 25595
|
| 801 |
|
1 |
|a RU
|b 63413507
|c 20210603
|
| 942 |
|
|
|c BK
|